Real Madrid - Les Joueurs Français - Statistiques

Statistiques générales
  • Ce quiz a été pris 643 fois
    441 depuis la dernière actualisation
  • Le résultat moyen est 13 sur 22
Statistiques - réponses
Poste Période Joueur % Correct
Milieu de terrain 2022- Aurélien Tchouaméni
97%
Milieu de terrain 2021- Eduardo Camavinga
97%
Attaquant 2024- Kylian Mbappé
97%
Attaquant 2009-2023 Karim Benzema
94%
Milieu de terrain 2016-2017 Enzo Zidane
93%
Gardien 2019-2020 Luca Zidane
93%
Milieu de terrain 2001-2006 Zinédine Zidane
93%
Latéral 2019- Ferland Mendy
92%
Défenseur 2011-2021 Raphaël Varane
88%
Gardien 2019-2020 Alphonse Areola
78%
Milieu de terrain 2000-2003 Claude Makélélé
61%
Milieu de terrain / Attaquant 1956-1959 Raymond Kopa
60%
Latéral 2017-2019 Theo Hernandez
60%
Milieu de terrain 2009-2012 Lassana Diarra
56%
Attaquant 1999-2000 Nicolas Anelka
46%
Milieu de terrain 1998-2000 Christian Karembeu
38%
Milieu de terrain / Défenseur 2009 Julien Faubert
34%
Attaquant 1916-1917 René Petit
14%
Milieu de terrain 1962-1965 Lucien Muller
6%
Milieu de terrain 1950-1951 Jean Luciano
3%
Défenseur 1950-1953 Louis Hon
3%
Défenseur 1928-1929 Manuel Anatol
3%
Aucun quiz correspondant
Distribution des résultats
% des personnes avec chaque résultat
Percentile par nombre de réponses
Votre historique - résultats
Vous n’avez pas pris ce quiz depuis la dernière actualisation